Software projects : (Record no. 185891)
[ view plain ]
| 000 -LEADER | |
|---|---|
| fixed length control field | 01031 a2200205 4500 |
| 003 - CONTROL NUMBER IDENTIFIER | |
| control field | Nust |
| 005 - DATE AND TIME OF LATEST TRANSACTION | |
| control field | 20230120124908.0 |
| 010 ## - LIBRARY OF CONGRESS CONTROL NUMBER | |
| LC control number | 76057693 |
| 020 ## - INTERNATIONAL STANDARD BOOK NUMBER | |
| International Standard Book Number | 0070175918 |
| 040 ## - CATALOGING SOURCE | |
| Transcribing agency | Nust |
| 082 00 - DEWEY DECIMAL CLASSIFICATION NUMBER | |
| Classification number | 371.3078,DON |
| 100 1# - MAIN ENTRY--PERSONAL NAME | |
| Personal name | Donovan, John J. |
| 9 (RLIN) | 21567 |
| 245 10 - TITLE STATEMENT | |
| Title | Software projects : |
| Remainder of title | pedagogical aids for software education and research / |
| Statement of responsibility, etc. | John J. Donovan, Stuart E. Madnick. |
| 260 ## - PUBLICATION, DISTRIBUTION, ETC. | |
| Place of publication, distribution, etc. | New York : |
| Name of publisher, distributor, etc. | McGraw-Hill, |
| Date of publication, distribution, etc. | c1977. |
| 300 ## - PHYSICAL DESCRIPTION | |
| Extent | 509 p. ; |
| Dimensions | 25 cm. |
| 505 ## - FORMATTED CONTENTS NOTE | |
| Formatted contents note | Introduction (Page-1) Machine architecture (Page-4) Operating Systems (Page-9) Complex High Level Language Program (Page-11) Operational and Economic Considerations (Page-13), Assembly Language Problems (Page-16), Installing and running the sample graders (Page-53), Internals of the grader systems (Page-75), subroutine description (Page-89), Machine problems (Page-129), Simulator (Page-263), Sample operating sys (Page-444). |
| 650 #0 - SUBJECT ADDED ENTRY--TOPICAL TERM | |
| Topical term or geographic name entry element | Educational technology. |
| 9 (RLIN) | 4153 |
| 700 1# - ADDED ENTRY--PERSONAL NAME | |
| Personal name | Madnick, Stuart E., |
| 9 (RLIN) | 50735 |
| 942 ## - ADDED ENTRY ELEMENTS (KOHA) | |
| Source of classification or shelving scheme | |
| Koha item type | Book |
| Call number prefix | 371.3078,DON |
| Withdrawn status | Lost status | Source of classification or shelving scheme | Damaged status | Not for loan | Permanent Location | Current Location | Shelving location | Date acquired | Full call number | Barcode | Date last seen | Price effective from | Koha item type | Public note |
|---|---|---|---|---|---|---|---|---|---|---|---|---|---|---|
| Military College of Signals (MCS) | Military College of Signals (MCS) | General Stacks | 12/12/2016 | 371.3078,DON | MCS2517 | 12/08/2016 | 12/12/2016 | Book | Almirah No.54, Shelf No.2 |
